[Event "CAN-ch U10"]
[Site "Vancouver"]
[Date "2012.07.04"]
[Round "5"]
[White "Surya, Benito"]
[Black "Zhang, Clark"]
[Result "1/2-1/2"]
[WhiteElo "892"]
[BlackElo "1013"]
[PlyCount "67"]
[EventDate "2012.07.03"]
[EventType "swiss"]
[EventRounds "7"]
[EventCountry "CAN"]
[SourceTitle "EXT 2022"]
[Source "ChessBase"]
[SourceDate "2021.10.06"]
[SourceVersion "1"]
[SourceVersionDate "2021.10.06"]
[SourceQuality "1"]

1. d4 d5 2. Nf3 Nf6 3. Bf4 Bf5 4. e3 a6 5. c3 Nc6 6. Nbd2 e6 7. Ne5 Nxe5 8. dxe5 Nd7 9. h3 Nb6 10. g4 Bg6 11. h4 Be4 12. Nxe4 dxe4 13. g5 h5 14. Be2 Qxd1+ 15. Rxd1 Bc5 16. b4 Be7 17. a3 0-0 18. Bxh5 g6 19. Be2 Na4 20. c4 Nc3 21. Rd2 Nb1 22. Ra2 Nxa3 23. c5 Nb5 24. h5 Nc3 25. Rc2 Nxe2 26. Kxe2 Kg7 27. h6+ Kh7 28. f3 exf3+ 29. Kxf3 b6 30. cxb6 cxb6 31. Rb2 a5 32. bxa5 bxa5 33. Ra2 a4 34. Rha1 1/2-1/2